LEADER 00908cam0 2200277 450 001 E600200022763 005 20180605095045.0 100 $a20061116d1976 |||||ita|0103 ba 101 $aita 102 $aIT 200 1 $aDonne, resistenza e rivoluzione$fSheila Rowbotham 210 $aTorino$cEinaudi$d1976 215 $a319 p.$d18 cm 225 2 $aPiccola biblioteca Einaudi$v289 300 $a(cam) 410 1$1001LAEC00015152$12001 $a*Piccola biblioteca Einaudi$v289 700 1$aRowbotham$b, Sheila$3A600200039165$4070$0235161 801 0$aIT$bUNISOB$c20180605$gRICA 850 $aUNISOB 852 $aUNISOB$j900$m25728 912 $aE600200022763 940 $aM 102 Monografia moderna SBN 941 $aM 957 $a900$b000604$gSi$d25728$racquisto$1pregresso1$2UNISOB$3UNISOB$420061116084840.0$520180605095045.0$6Alfano 996 $aDonne, resistenza e rivoluzione$9150509 997 $aUNISOB